<?xml version='1.0' encoding='UTF-8'?>
  <record xmlns="http://www.loc.gov/MARC21/slim">
    <leader>00000cam a22000007i 4500</leader>
    <controlfield tag="001">ocn905770997</controlfield>
    <controlfield tag="003">OCoLC</controlfield>
    <controlfield tag="005">20251216212151.3</controlfield>
    <controlfield tag="008">850902m17911811ne            000 0 dut d</controlfield>
    <datafield tag="040" ind1=" " ind2=" ">
      <subfield code="a">NLGGC</subfield>
      <subfield code="b">dut</subfield>
      <subfield code="e">fobidrtb</subfield>
      <subfield code="c">NLGGC</subfield>
      <subfield code="d">OCLCO</subfield>
      <subfield code="d">OCLCL</subfield>
      <subfield code="d">OCLCQ</subfield>
    </datafield>
    <datafield tag="029" ind1="0" ind2=" ">
      <subfield code="a">NLGGC</subfield>
      <subfield code="b">196883776</subfield>
    </datafield>
    <datafield tag="035" ind1=" " ind2=" ">
      <subfield code="a">(OCoLC)905770997</subfield>
    </datafield>
    <datafield tag="041" ind1="1" ind2=" ">
      <subfield code="a">dut</subfield>
      <subfield code="h">eng</subfield>
    </datafield>
    <datafield tag="050" ind1=" " ind2="4">
      <subfield code="a">PR3561</subfield>
      <subfield code="b">.D5 1791</subfield>
    </datafield>
    <datafield tag="084" ind1=" " ind2=" ">
      <subfield code="a">18.05</subfield>
      <subfield code="2">bcl</subfield>
    </datafield>
    <datafield tag="100" ind1="1" ind2=" ">
      <subfield code="a">Milton, John,</subfield>
      <subfield code="d">1608-1674.</subfield>
      <subfield code="1">https://id.oclc.org/worldcat/entity/E39PBJfCxg7wC9qpDcMrCdtFrq</subfield>
    </datafield>
    <datafield tag="245" ind1="1" ind2="4">
      <subfield code="a">Het verloren paradijs van Milton /</subfield>
      <subfield code="c">het Engelsch gevolgd door J.H. Reisig.</subfield>
    </datafield>
    <datafield tag="260" ind1=" " ind2=" ">
      <subfield code="a">Zutphen :</subfield>
      <subfield code="b">A. van Eldik,</subfield>
      <subfield code="c">1791-1811.</subfield>
    </datafield>
    <datafield tag="300" ind1=" " ind2=" ">
      <subfield code="a">4 dl. in 1 bd. ;</subfield>
      <subfield code="c">8°</subfield>
    </datafield>
    <datafield tag="336" ind1=" " ind2=" ">
      <subfield code="a">tekst</subfield>
      <subfield code="b">txt</subfield>
      <subfield code="2">rdacontent/dut</subfield>
    </datafield>
    <datafield tag="337" ind1=" " ind2=" ">
      <subfield code="a">zonder medium</subfield>
      <subfield code="b">n</subfield>
      <subfield code="2">rdamedia/dut</subfield>
    </datafield>
    <datafield tag="338" ind1=" " ind2=" ">
      <subfield code="a">band</subfield>
      <subfield code="b">nc</subfield>
      <subfield code="2">rdacarrier/dut</subfield>
    </datafield>
    <datafield tag="500" ind1=" " ind2=" ">
      <subfield code="a">Dl. III vert. door J.B., dl. IV door Pieter Gerardus Witsen Geysbeek.</subfield>
    </datafield>
    <datafield tag="530" ind1=" " ind2=" ">
      <subfield code="a">Titel is gedigitaliseerd voor de Koninklijke Bibliotheek in het kader van het Google Books-project.</subfield>
    </datafield>
    <datafield tag="655" ind1=" " ind2="7">
      <subfield code="a">Vertalingen (vorm)</subfield>
      <subfield code="2">gtt</subfield>
      <subfield code="0">(NL-LeOCL)088145166</subfield>
    </datafield>
    <datafield tag="700" ind1="1" ind2=" ">
      <subfield code="a">Reisig, Jan Hendrik,</subfield>
      <subfield code="d">-1794.</subfield>
      <subfield code="1">https://id.oclc.org/worldcat/entity/E39PCjDfJMGCxb9CfgF7KcXXBd</subfield>
    </datafield>
    <datafield tag="700" ind1="1" ind2=" ">
      <subfield code="a">B., J.,</subfield>
      <subfield code="c">vert.</subfield>
      <subfield code="1">https://id.oclc.org/worldcat/entity/E39PCjvmD3RwdvkBTv9rJq4xwC</subfield>
    </datafield>
    <datafield tag="700" ind1="1" ind2=" ">
      <subfield code="a">Witsen Geysbeek, Pieter Gerardus,</subfield>
      <subfield code="d">1774-1833.</subfield>
      <subfield code="1">https://id.oclc.org/worldcat/entity/E39PBJx8CcKbv7qm49kydV3vpP</subfield>
    </datafield>
    <datafield tag="765" ind1="0" ind2=" ">
      <subfield code="t">Paradise lost, 1667</subfield>
    </datafield>
    <datafield tag="776" ind1="0" ind2=" ">
      <subfield code="t">Het verloren paradijs van Milton</subfield>
      <subfield code="w">(NL-LeOCL)383263433</subfield>
    </datafield>
    <datafield tag="936" ind1=" " ind2=" ">
      <subfield code="a">BATCHLOAD</subfield>
    </datafield>
  </record>